MARC details
| 000 -CABECERA |
| campo de control de longitud fija |
01695nam a2200325 i 4500 |
| 001 - NÚMERO DE CONTROL |
| campo de control |
991061720912206706 |
| 003 - IDENTIFICADOR DEL NÚMERO DE CONTROL |
| campo de control |
ES-BaIT |
| 005 - FECHA Y HORA DE LA ÚLTIMA TRANSACCIÓN |
| campo de control |
20260219141440.0 |
| 008 - DATOS DE LONGITUD FIJA--INFORMACIÓN GENERAL |
| campo de control de longitud fija |
260219e202401 fr a r 000 d fre c |
| 020 ## - NÚMERO INTERNACIONAL ESTÁNDAR DEL LIBRO |
| Número Internacional Estándar del Libro |
9782749816272 |
| 040 ## - FUENTE DE LA CATALOGACIÓN |
| Centro catalogador/agencia de origen |
ES-BaIT |
| Lengua de catalogación |
cat |
| Normas de descripción |
rda |
| Centro/agencia transcriptor |
ES-BaIT |
| 080 ## - NÚMERO DE LA CLASIFICACIÓN DECIMAL UNIVERSAL |
| Número de la Clasificación Decimal Universal |
840-2"20" |
| 100 1# - ENTRADA PRINCIPAL--NOMBRE DE PERSONA |
| Nombre de persona |
Azzopardi, Sébastien, |
| Fechas asociadas al nombre |
1975- |
| Término indicativo de función/relación |
autor |
| 9 (RLIN) |
168550 |
| 245 10 - MENCIÓN DE TÍTULO |
| Título |
Ma version de l'histoire / |
| Mención de responsabilidad, etc. |
Sébastien Azzopardi |
| 264 #1 - PRODUCCIÓN, PUBLICACIÓN, DISTRIBUCIÓN, FABRICACIÓN Y COPYRIGHT |
| Producción, publicación, distribución, fabricación y copyright |
Paris : |
| Nombre del de productor, editor, distribuidor, fabricante |
L'avant-scène théâtre, |
| Fecha de producción, publicación, distribución, fabricación o copyright |
janvier 2024 |
| 300 ## - DESCRIPCIÓN FÍSICA |
| Extensión |
121 pàgines, 11 pàgines de làmines sense numerar : |
| Otras características físicas |
il·lustracions ; |
| Dimensiones |
21 cm |
| 336 ## - TIPO DE CONTENIDO |
| Término de tipo de contenido |
text |
| Código de tipo de contenido |
txt |
| Fuente |
rdacontent |
| 336 ## - TIPO DE CONTENIDO |
| Término de tipo de contenido |
imatge fixa |
| Código de tipo de contenido |
sti |
| Fuente |
rdacontent |
| 337 ## - TIPO DE MEDIO |
| Nombre/término del tipo de medio |
sense mediació |
| Código del tipo de medio |
n |
| Fuente |
rdamedia |
| 338 ## - TIPO DE SOPORTE |
| Nombre/término del tipo de soporte |
volum |
| Código del tipo de soporte |
nc |
| Fuente |
rdacarrier |
| 490 1# - MENCIÓN DE SERIE |
| Mención de serie |
L'Avant-Scène théâtre ; |
| Designación de volumen o secuencia |
no 1554 |
| 500 ## - NOTA GENERAL |
| Nota general |
P11: D6, H5 |
| 500 ## - NOTA GENERAL |
| Nota general |
Publicat com no 1554 ( janvier 2024) de la revista L'Avant-scène théâtre |
| 500 ## - NOTA GENERAL |
| Nota general |
Estrena Théâtre MIchel, el 10 de gener 2024 |
| 520 ## - SUMARIO, ETC. |
| Sumario, etc. |
"Lorsqu'une séduisante professeure de guitare fait irruption dans la vie de Sam et Valentine, ce sont vingt années de mariage, d'amour, de désirs contrairés et d'incompréhensions mutuelles qui sont remises en question. Qui a raison, qui a tort, à qui la mémoire joue-t-elle des tours et peut-on réellement s'accorder sur une seule et même façon de raconter une histoire? Ce sont ces questions aussi savoureuses qu'éternelles sur le couple que Sábastien Azzopardi explore dans cette comédie tantôt tendre, tantôt cruelle, mais toujours inspirée"-- Contracoberta |
| 830 ## - PUNTO DE ACCESO ADICIONAL DE SERIE-TÍTULO UNIFORME |
| Título uniforme |
Avant-scène. |
| Nombre de parte o sección de la obra |
Théâtre |
| Designación de volumen o secuencia |
no 1554 |
| 9 (RLIN) |
168170 |
| 908 ## - COLOCAR PARÁMETRO DE COMANDO (RLIN) |
| Colocar parámetro de comando |
CDMAE |
| 940 ## - EQUIVALENCIA O REFERENCIA-CRUZADA--TÍTULO UNIFORME [OBSOLETO] [solamente CAN/MARC] |
| Título uniforme |
<a href="CDMAE">CDMAE</a> |
| 942 ## - ELEMENTOS DE ENTRADA AGREGADA (KOHA) |
| Fuente del sistema de clasificación o colocación |
Clasificación decimal universal |
| Tipo de ítem Koha |
Llibre |